[Event "SWYM"]
[Site "Witley ENG"]
[Date "2001.07.16"]
[Round "4"]
[White "Mah,K"]
[Black "Vigus,J"]
[Result "0-1"]
[WhiteElo "2404"]
[BlackElo "2281"]
[EventDate "2001.07.13"]

1. e4 e5 2. Nf3 Nc6 3. d4 exd4 4. Bc4 Nf6 5. e5 Ne4 6. Qe2 Nc5 7. c3 d3 8.
Qe3 Be7 9. b4 Ne6 10. b5 Bc5 11. Qe4 Ne7 12. Bxd3 d5 13. Qh4 a6 14. O-O
axb5 15. Nbd2 c6 16. Nb3 Ra4 17. Nfd4 Bb6 18. Be3 Nxd4 19. Bxd4 Bf5 20. Be2
b4 21. Nc5 Bxc5 22. Bxc5 b6 23. Bxb4 Qd7 24. Qg3 O-O 25. Bxe7 Qxe7 26. Bd1
Ra7 27. Bb3 Rd8 28. Rad1 Rad7 29. Rd2 h6 30. Rfd1 Qg5 31. f4 Qxg3 32. hxg3
Bg4 33. Rb1 Bf5 34. Bc2 Bxc2 35. Rxc2 b5 36. Kf2 Ra7 37. Ke3 Ra4 38. Rb4
Rda8 39. Rxa4 Rxa4 40. Rb2 Rc4 41. Rb3 Ra4 42. Rb2 Kf8 43. Kd3 Ke7 44. Rf2
Kd7 45. Rb2 Ke6 46. Re2 h5 47. Rb2 Kf5 48. Rf2 g6 49. Re2 Rc4 50. Re1 Ra4
51. Re2 Ke6 52. Rf2 Re4 53. g4 hxg4 54. g3 Ra4 55. Rh2 c5 56. Rb2 b4 57.
cxb4 Ra3+ 58. Ke2 Rxg3 59. Rb1 cxb4 60. Rxb4 Rg2+ 61. Ke3 Rxa2 62. Rb6+ Ke7
63. Rb7+ Kf8 64. Rd7 Ra3+ 65. Ke2 Rf3 66. Rxd5 Rxf4 67. Ke3 Rf5 68. Ke4 Kg7
69. Rd1 Kh6 70. Rh1+ Kg5 71. Rg1 Kh4 72. Rh1+ Kg3 73. Rh6 Rf1 74. Ke3 Re1+
75. Kd4 Kg2 76. Rh7 Rf1 77. Rg7 g3 78. e6 fxe6 79. Rxg6 Kh2 80. Rxe6 g2 81.
Rh6+ Kg1 82. Ke3 Re1+ 83. Kd2 Re5 84. Kd3 Kf2 85. Rf6+ Kg3 86. Rg6+ Kf3 87.
Rg8 Re1 88. Rf8+ Kg3 89. Rg8+ Kf2 90. Rf8+ Kg1 91. Kd4 Re2 92. Kd3 Re1 93.
Kd4 Rf1 94. Ra8 Kf2 95. Rf8+ Ke2 96. Re8+ Kd2 97. Rg8 g1=Q+ 98. Rxg1 Rxg1
99. Ke4 Rg3 100. Kf4 Re3 101. Kf5 Kd3 102. Kf4 Kd4 103. Kf5 Re4 104. Kf6
Re5 105. Kg6 Kd5 106. Kf6 Kd6 107. Kg6 Ke7 108. Kg7 Rf5 109. Kg6 Ke6 110.
Kg7 Rf6 111. Kh7 Kf7 0-1

[Event "SWYM"]
[Site "Witley ENG"]
[Date "2001.07.16"]
[Round "4"]
[White "Middelburg,T"]
[Black "Williams,S"]
[Result "1/2-1/2"]
[WhiteElo "2373"]
[BlackElo "2369"]
[EventDate "2001.07.13"]

1. e4 c5 2. Nf3 d6 3. d4 Nf6 4. Nc3 cxd4 5. Nxd4 g6 6. Be3 Bg7 7. f3 Nc6 8.
Qd2 O-O 9. O-O-O d5 10. exd5 Nxd5 11. Nxc6 bxc6 12. Bd4 e5 13. Bc5 Be6 14.
Ne4 Rb8 15. c4 Qc8 16. Bd6 Rb6 17. Kb1 Re8 18. Ba3 Qa6 19. Ka1 Nc7 20. Qd8
Qc8 21. Nf6+ Bxf6 22. Qxf6 Bf5 23. g4 Bc2 24. Rd2 Ba4 25. Bc5 Ra6 26. Rd6
Ne6 27. Ba3 c5 28. Rxa6 Qxa6 29. Bd3 Rd8 1/2-1/2

[Event "SWYM"]
[Site "Witley ENG"]
[Date "2001.07.16"]
[Round "4"]
[White "Skytte,R"]
[Black "Gladyszev,O"]
[Result "1/2-1/2"]
[WhiteElo "2342"]
[BlackElo "2352"]
[EventDate "2001.07.13"]

1. e4 c5 2. Nf3 Nc6 3. c3 Nf6 4. e5 Nd5 5. d4 cxd4 6. Bc4 Nb6 7. Bb3 d5 8.
exd6 Qxd6 9. O-O Be6 10. Na3 Bxb3 11. Qxb3 Qd5 12. Nb5 Rc8 13. Nfxd4 Nxd4
14. Nxd4 e6 15. Rd1 Bc5 16. Qb5+ Qd7 17. Qxd7+ 1/2-1/2

[Event "SWYM"]
[Site "Witley ENG"]
[Date "2001.07.16"]
[Round "4"]
[White "Sinkevich,P"]
[Black "Bromann,T"]
[Result "1/2-1/2"]
[WhiteElo "2346"]
[BlackElo "2321"]
[EventDate "2001.07.13"]

1. e4 e6 2. d4 d5 3. Nd2 c5 4. exd5 Qxd5 5. Ngf3 cxd4 6. Bc4 Qd6 7. O-O Nf6
8. Nb3 Nc6 9. Nbxd4 Nxd4 10. Nxd4 a6 11. b3 Qc7 12. Bb2 Bd6 13. h3 O-O 14.
Qe2 b5 15. Bd3 Bb7 16. c4 bxc4 17. Bxc4 Rfe8 18. Rac1 Qa5 19. Nf3 Bf4 20.
Rcd1 Qh5 1/2-1/2

[Event "SWYM"]
[Site "Witley ENG"]
[Date "2001.07.16"]
[Round "4"]
[White "Trent,L"]
[Black "Ippolito,D"]
[Result "1/2-1/2"]
[WhiteElo "2249"]
[BlackElo "2394"]
[EventDate "2001.07.13"]

1. e4 e5 2. Nf3 Nf6 3. Nxe5 d6 4. Nf3 Nxe4 5. Qe2 Qe7 6. d3 Nf6 7. Bg5
Qxe2+ 8. Bxe2 Be7 9. Nc3 c6 10. O-O-O Na6 11. Rde1 Nc7 12. Nd4 Ne6 13. Nxe6
Bxe6 14. Bf3 Kd7 15. h3 Rhe8 16. Ne2 Kc7 17. a3 a5 18. Nf4 Bd7 19. Nh5 Nxh5
20. Rxe7 Rxe7 21. Bxe7 Nf4 22. Bh4 Re8 1/2-1/2

[Event "SWYM"]
[Site "Witley ENG"]
[Date "2001.07.16"]
[Round "4"]
[White "Zhao Zong Yuan"]
[Black "Hinks Edwards,T"]
[Result "1-0"]
[WhiteElo "2390"]
[BlackElo "2316"]
[EventDate "2001.07.13"]

1. d4 Nf6 2. c4 e6 3. Nc3 Bb4 4. e3 c5 5. Bd3 Nc6 6. Nf3 Bxc3+ 7. bxc3 d6
8. e4 e5 9. d5 Ne7 10. Nd2 Ng6 11. g3 Bh3 12. Rb1 b6 13. f3 h5 14. Nf1 h4
15. Qe2 Bd7 16. Rg1 Nh7 17. Ne3 Qf6 18. Rf1 Ne7 19. Bd2 hxg3 20. hxg3 Qg6
21. Qf2 Nf6 22. Ke2 Kd8 23. g4 Kc7 24. Rh1 Rxh1 25. Rxh1 Nfg8 26. Rh8 f6
27. Qh4 Re8 28. Nf5 Nxf5 29. exf5 Qf7 30. Rh7 Ne7 31. Be4 Rg8 32. Qh1 Qf8
33. Kf2 Qe8 34. Qh2 Qf8 35. f4 g6 36. fxg6 f5 37. gxf5 Bxf5 38. Bxf5 Qxf5
39. Rxe7+ Kb8 40. Qh7 1-0

[Event "SWYM"]
[Site "Witley ENG"]
[Date "2001.07.16"]
[Round "4"]
[White "Palliser,R"]
[Black "Hanley,C"]
[Result "1/2-1/2"]
[WhiteElo "2337"]
[BlackElo "2278"]
[EventDate "2001.07.13"]

1. d4 d5 2. c4 c6 3. Nf3 Nf6 4. Nc3 dxc4 5. a4 Bf5 6. Ne5 Nbd7 7. Nxc4 Qc7
8. g3 e5 9. dxe5 Nxe5 10. Bf4 Nfd7 11. Bg2 f6 12. O-O Nc5 13. Ne3 Be6 14.
b4 Rd8 15. Qb1 Na6 16. b5 Nb4 17. bxc6 bxc6 18. Rc1 a5 19. Qe4 Bc5 20. Rd1
1/2-1/2

[Event "SWYM"]
[Site "Witley ENG"]
[Date "2001.07.16"]
[Round "4"]
[White "Addison,B"]
[Black "Erwich,M"]
[Result "1/2-1/2"]
[WhiteElo "2218"]
[BlackElo "2263"]
[EventDate "2001.07.13"]

1. d4 Nf6 2. c4 b6 3. f3 e6 4. Bg5 h6 5. Bh4 d5 6. Nc3 Bb7 7. cxd5 exd5 8.
e3 Be7 9. Bd3 O-O 10. Nge2 c5 11. O-O Nbd7 12. Bf2 Re8 13. Qc2 Bf8 14. Rad1
a6 15. Bf5 g6 16. Bh3 Bg7 17. dxc5 bxc5 18. Nf4 Nb6 19. b3 Qe7 20. Rfe1 g5
21. Nfe2 h5 22. Bf5 g4 23. fxg4 Nxg4 24. Bxg4 hxg4 25. Ng3 Qg5 26. Nce2 Bf8
27. Qf5 Qxf5 28. Nxf5 Re5 29. Nfg3 a5 30. Nf4 a4 31. Nd3 Ree8 32. Rc1 axb3
33. axb3 c4 34. bxc4 dxc4 35. Nf4 Ba6 36. Ngh5 Be7 37. e4 Reb8 38. Bd4 Nd7
39. Nd5 Bd8 40. Rf1 Bg5 41. Rc2 c3 42. Rd1 Bc4 43. Rxc3 Bxd5 44. exd5 Rb5
45. Bf2 Ra2 46. Rc8+ Kh7 47. Ng3 Nf6 48. Rc7 Rbb2 49. Rf1 Nxd5 50. Rxf7+
Kg6 51. Rd7 Nf4 52. Rd6+ Kf7 53. Ne4 Be7 54. Rh6 Kg7 55. Rc6 Rb4 56. Nc3
Rc2 57. Rc7 Rxc3 58. Rxe7+ Kg6 59. Bg3 Rcc4 1/2-1/2

[Event "SWYM"]
[Site "Witley ENG"]
[Date "2001.07.16"]
[Round "4"]
[White "Antal,Ge"]
[Black "Bick,J"]
[Result "1-0"]
[WhiteElo "2398"]
[BlackElo "2286"]
[EventDate "2001.07.13"]

1. e4 e5 2. Nc3 Nf6 3. f4 d5 4. fxe5 Nxe4 5. Qf3 Nc6 6. Bb5 Nxc3 7. bxc3
Qh4+ 8. g3 Qe4+ 9. Qxe4 dxe4 10. Bxc6+ bxc6 11. Ne2 Bc5 12. Nd4 O-O 13.
Nxc6 Re8 14. Bb2 Bd7 15. Nb4 Rxe5 16. c4 Re6 17. Nd5 Rb8 18. Bc3 Ba4 19.
Kd1 Rb7 20. Re1 Bd7 21. d4 exd3 22. cxd3 Rh6 23. h4 c6 24. Ne3 Rg6 25. Be5
Re6 26. Nc2 f6 27. Bf4 Rxe1+ 28. Kxe1 Bf5 29. d4 Bb6 30. Kd1 Bxc2+ 31. Kxc2
Bxd4 32. Rd1 c5 33. Kd3 a6 34. Ke4 Rb2 35. Kd5 Rxa2 36. Bd6 Bf2 37. Rd3 Kf7
38. Rf3 Bg1 39. Rf1 Rd2+ 40. Kc6 Bf2 41. Ra1 Ke6 42. Bxc5 Bxg3 43. Rxa6 Rc2
44. Kb5+ Kd7 45. Ra7+ Bc7 46. Be3 Rb2+ 47. Kc5 Rb8 48. Kd5 Rd8 49. Bc5 g6
50. Bd6 Rc8 51. c5 h5 52. c6+ Kd8 53. Rb7 g5 54. hxg5 fxg5 55. Bxc7+ Rxc7
56. Kd6 1-0

[Event "SWYM"]
[Site "Witley ENG"]
[Date "2001.07.16"]
[Round "4"]
[White "Lappage,J"]
[Black "Thiruchelvam,M"]
[Result "0-1"]
[WhiteElo "2208"]
[BlackElo "2240"]
[EventDate "2001.07.13"]

1. e4 c6 2. d4 d5 3. f3 e6 4. Nc3 Bb4 5. Bf4 Nf6 6. Qd3 b6 7. Nge2 Ba6 8.
Qe3 O-O 9. O-O-O b5 10. Kb1 Nbd7 11. Nc1 Nb6 12. Bg5 Be7 13. Bxf6 Bxf6 14.
Nb3 Bc8 15. Nc5 a5 16. g4 Nd7 17. Nxd7 Bxd7 18. Bd3 Qb6 19. Ne2 b4 20. e5
Be7 21. f4 c5 22. Qh3 g6 23. dxc5 Bxc5 24. Ng3 Bb5 25. f5 Bxd3 26. Rxd3 Qc7
27. Re1 Rfc8 28. Re2 Ra6 29. Nh5 gxh5 30. f6 Kf8 31. Qxh5 Ke8 32. Qxh7 Bf8
33. h4 Rc6 34. Rd1 a4 35. Qd3 Rc4 36. Rg1 Qc5 37. Reg2 Qb6 38. h5 Rxc2 39.
Qxc2 Rxc2 40. Kxc2 b3+ 41. axb3 axb3+ 42. Kb1 Qa5 43. g5 Bb4 0-1

[Event "SWYM"]
[Site "Witley ENG"]
[Date "2001.07.17"]
[Round "5"]
[White "Vigus,J"]
[Black "Skytte,R"]
[Result "1/2-1/2"]
[WhiteElo "2281"]
[BlackElo "2342"]
[EventDate "2001.07.13"]

1. f4 d5 2. Nf3 Nf6 3. g3 c6 4. Bg2 Bg4 5. d3 Bxf3 6. Bxf3 Nbd7 7. e4 dxe4
8. dxe4 e5 9. Qe2 Bb4+ 10. Bd2 Bxd2+ 11. Nxd2 1/2-1/2

[Event "SWYM"]
[Site "Witley ENG"]
[Date "2001.07.17"]
[Round "5"]
[White "Williams,S"]
[Black "Zhao Zong Yuan"]
[Result "1-0"]
[WhiteElo "2369"]
[BlackElo "2390"]
[EventDate "2001.07.13"]

1. c4 e6 2. Nc3 d5 3. d4 c6 4. e4 dxe4 5. Nxe4 Bb4+ 6. Bd2 Qxd4 7. Bxb4
Qxe4+ 8. Be2 Na6 9. Ba5 b6 10. Bc3 f6 11. Qd6 Nh6 12. Bxf6 gxf6 13. O-O-O
Rg8 14. Bh5+ Rg6 15. Qd8+ Kf7 16. Qh8 Nf5 17. Rd8 Qxc4+ 18. Kb1 Qe4+ 19.
Ka1 Qe1+ 20. Rd1 Qe4 21. f3 Qc2 22. Ne2 Nc5 23. Nf4 Ke7 24. Nxg6+ hxg6 25.
Qh7+ 1-0

[Event "SWYM"]
[Site "Witley ENG"]
[Date "2001.07.17"]
[Round "5"]
[White "Gladyszev,O"]
[Black "Middelburg,T"]
[Result "1-0"]
[WhiteElo "2352"]
[BlackElo "2373"]
[EventDate "2001.07.13"]

1. d4 d5 2. c4 c6 3. Nf3 Nf6 4. Nc3 a6 5. a4 e6 6. Bg5 Nbd7 7. cxd5 cxd5 8.
e3 h6 9. Bf4 Nh5 10. Be5 Qb6 11. Qc2 Bb4 12. Bd3 Nhf6 13. O-O O-O 14. h3
Nxe5 15. Nxe5 Nd7 16. f4 Nxe5 17. fxe5 Qd8 18. Ne2 Bd7 19. Nf4 Rc8 20. Qe2
Qg5 21. Rf3 Rc7 22. Kh2 Kh8 23. Rg3 Qd8 24. Qg4 Qg5 25. Qf3 Qe7 26. Nh5 Rg8
27. Qf4 Qf8 28. Nf6 Be7 29. Nxg8 Qxg8 30. Rf3 Be8 31. Rf2 Qf8 32. Rc2 Rxc2
33. Bxc2 f5 34. Qf2 h5 35. h4 Bc6 36. g3 Qd8 37. Qe1 Qb6 38. b3 Bb4 39. a5
Bxe1 40. axb6 Bd2 41. Kg2 Bxe3 42. Rd1 Kg8 43. Rd3 1-0

[Event "SWYM"]
[Site "Witley ENG"]
[Date "2001.07.17"]
[Round "5"]
[White "Addison,B"]
[Black "Antal,Ge"]
[Result "0-1"]
[WhiteElo "2218"]
[BlackElo "2398"]
[EventDate "2001.07.13"]

1. d4 d5 2. c4 Nc6 3. cxd5 Qxd5 4. e3 e5 5. Nc3 Bb4 6. Bd2 Bxc3 7. Bxc3
exd4 8. Ne2 Bg4 9. f3 Be6 10. Nxd4 O-O-O 11. Be2 Nge7 12. Qa4 Nxd4 13. Bxd4
Nc6 14. Bc3 Rhe8 15. Qb5 Qd6 16. Rd1 Qe7 17. Rxd8+ Rxd8 18. Kf2 Re8 19. e4
a6 20. Qd3 Bxa2 21. Bxg7 Rg8 22. Bc3 Qc5+ 23. Kf1 Rd8 24. Qc2 Nd4 25. Qc1
Bc4 26. Bxd4 Rxd4 27. h3 Bxe2+ 28. Kxe2 Qb5+ 29. Kf2 Qb3 30. Qg5 Qxb2+ 31.
Kg3 Rd6 0-1

[Event "SWYM"]
[Site "Witley ENG"]
[Date "2001.07.17"]
[Round "5"]
[White "Hanley,C"]
[Black "Trent,L"]
[Result "1-0"]
[WhiteElo "2278"]
[BlackElo "2249"]
[EventDate "2001.07.13"]

1. c4 e6 2. Nc3 d5 3. cxd5 exd5 4. d4 Be7 5. Qc2 c6 6. Bf4 Bd6 7. Nxd5 Qa5+
8. Nc3 Bxf4 9. Qe4+ Ne7 10. Qxf4 Na6 11. e4 Be6 12. Nf3 Nb4 13. Qd2 O-O-O
14. Be2 g5 15. O-O h6 16. a3 Na6 17. b4 Qc7 18. Bxa6 bxa6 19. Rfc1 f5 20.
Qe2 fxe4 21. Nxe4 Bd5 22. Nc5 Nf5 23. Qxa6+ Kb8 24. Qd3 Qf4 25. Ne5 Nxd4
26. Re1 Rhf8 27. Ned7+ Ka8 28. Nb6+ Kb8 29. Ncd7+ Kb7 30. Nc5+ Kb8 31. Nxd5
Rxd5 32. Qh7 Qxf2+ 33. Kh1 Rxc5 34. bxc5 Nb5 35. Rab1 Rf7 36. Qxh6 Kc7 37.
a4 1-0

[Event "SWYM"]
[Site "Witley ENG"]
[Date "2001.07.17"]
[Round "5"]
[White "Hinks Edwards,T"]
[Black "Palliser,R"]
[Result "1/2-1/2"]
[WhiteElo "2316"]
[BlackElo "2337"]
[EventDate "2001.07.13"]

1. e4 c5 2. Nc3 Nc6 3. g3 g6 4. Bg2 Bg7 5. d3 d6 6. Be3 Rb8 7. Qd2 b5 8.
Nge2 Nd4 9. O-O b4 10. Nd1 e6 11. Nc1 Ne7 12. c3 bxc3 13. bxc3 Ndc6 14. Bh6
O-O 15. Bxg7 Kxg7 16. Ne3 d5 17. Nb3 Qd6 18. exd5 exd5 19. d4 cxd4 20. Nxd4
Ne5 21. f4 Ng4 22. f5 Nf6 23. Rae1 Bd7 24. Kh1 Kg8 25. g4 Rbc8 26. g5 Ne4
27. Bxe4 dxe4 28. Ng4 Bxf5 29. Nf6+ Kg7 30. Rxf5 gxf5 31. Qf2 Rh8 32. Qxf5
Nxf5 33. Nxf5+ Kg6 34. Nxd6 Rxc3 35. Nfxe4 Rc2 36. Rf1 Rb8 37. Nxf7 Rbb2
38. Ne5+ Kg7 39. Ng4 Rxa2 40. Ngf2 a5 41. Kg2 a4 42. Rd1 a3 43. Rd7+ Kg6
44. Rd6+ Kg7 45. Rd7+ Kg6 46. h4 Rab2 47. h5+ Kxh5 48. Rd6 Rxf2+ 49. Nxf2
1/2-1/2

[Event "SWYM"]
[Site "Witley ENG"]
[Date "2001.07.17"]
[Round "5"]
[White "Broomfield,M"]
[Black "Thiruchelvam,M"]
[Result "0-1"]
[WhiteElo "2271"]
[BlackElo "2240"]
[EventDate "2001.07.13"]

1. Nf3 Nf6 2. c4 e6 3. b3 d5 4. Bb2 Be7 5. g3 O-O 6. Bg2 c5 7. O-O Nc6 8.
e3 d4 9. exd4 cxd4 10. Re1 Qd6 11. Ba3 Qc7 12. Bxe7 Qxe7 13. d3 e5 14. a3
a5 15. Nbd2 Bf5 16. Qc2 Nd7 17. Ne4 Bg6 18. Nh4 f5 19. Nxg6 hxg6 20. Nd2 g5
21. Bd5+ Kh7 22. Nf3 Qf6 23. h4 gxh4 24. gxh4 Rae8 25. Kg2 Ne7 26. Ng5+ Kh8
27. Ne6 Nxd5 28. cxd5 Rxe6 29. dxe6 Qxe6 30. Qe2 Qxb3 31. Rab1 Qd5+ 32. Qf3
Qxf3+ 33. Kxf3 b6 34. Rb5 e4+ 35. Kf4 Nc5 36. dxe4 Nd3+ 0-1

[Event "SWYM"]
[Site "Witley ENG"]
[Date "2001.07.17"]
[Round "5"]
[White "Bick,J"]
[Black "Lappage,J"]
[Result "1-0"]
[WhiteElo "2286"]
[BlackElo "2208"]
[EventDate "2001.07.13"]

1. d4 e6 2. c4 b6 3. a3 f5 4. Nc3 Nf6 5. e3 Bb7 6. f3 g6 7. Bd3 Bg7 8. Nge2
O-O 9. O-O d6 10. Kh1 Qe7 11. Bd2 Nbd7 12. Be1 c5 13. Bh4 Rac8 14. Nf4 e5
15. Nfd5 Qe6 16. dxe5 dxe5 17. e4 f4 18. Bc2 Nb8 19. Ba4 Rf7 20. Bxf6 Bxf6
21. Qe2 Bc6 22. Bxc6 Nxc6 23. Rfd1 Nd4 24. Qf2 g5 25. Ne2 Nb3 26. Rab1 Kh8
27. Rd3 Nd4 28. Nxd4 cxd4 29. Rc1 Rg7 30. Rc2 g4 31. fxg4 Rxg4 32. Kg1 Bh4
33. Qf3 Qg6 34. Kf1 Rd8 35. Rdd2 b5 36. Nb4 Rg8 37. cxb5 Qb6 38. Nd3 Bf6
39. Rc6 Qa5 40. b4 Qd8 41. Rdc2 Rh4 42. g3 fxg3 43. hxg3 Rh6 44. Qf5 1-0

[Event "SWYM"]
[Site "Witley ENG"]
[Date "2001.07.18"]
[Round "6"]
[White "Gladyszev,O"]
[Black "Williams,S"]
[Result "1/2-1/2"]
[WhiteElo "2352"]
[BlackElo "2369"]
[EventDate "2001.07.13"]

1. d4 e6 2. g3 f5 3. Bg2 Nf6 4. Nh3 Be7 5. O-O d6 6. c4 e5 7. dxe5 dxe5 8.
Qxd8+ Bxd8 9. b3 O-O 10. Bb2 Re8 11. Rd1 Nbd7 12. Nc3 1/2-1/2

[Event "SWYM"]
[Site "Witley ENG"]
[Date "2001.07.18"]
[Round "6"]
[White "Sinkevich,P"]
[Black "Vigus,J"]
[Result "1-0"]
[WhiteElo "2346"]
[BlackElo "2281"]
[EventDate "2001.07.13"]

1. e4 d6 2. d4 Nf6 3. Nc3 g6 4. Nf3 Bg7 5. Be2 O-O 6. O-O c6 7. a4 a5 8. h3
Na6 9. Be3 Nb4 10. Qd2 Qc7 11. Rad1 Re8 12. Rfe1 e5 13. Bf1 d5 14. Nxe5
Nxe4 15. Nxe4 dxe4 16. Bf4 Qd8 17. Nc4 Re6 18. Be5 f6 19. Bh2 b6 20. c3 Nd5
21. Qc2 Re7 22. Bd6 Rd7 23. Ba3 b5 24. Ne3 b4 25. Nxd5 cxd5 26. cxb4 Bf8
27. b5 Bxa3 28. bxa3 Rc7 29. Qd2 Qd6 30. Rc1 Rxc1 31. Qxc1 Kf7 32. Re3 Ke6
33. Rc3 Bd7 34. Qh6 Ra7 35. Qxh7 Rc7 36. Qg8+ Kf5 37. Rxc7 Qxc7 38. Qxd5+
Kf4 39. g3+ Kf3 40. Bg2+ 1-0

[Event "SWYM"]
[Site "Witley ENG"]
[Date "2001.07.18"]
[Round "6"]
[White "Mah,K"]
[Black "Hanley,C"]
[Result "1-0"]
[WhiteElo "2404"]
[BlackElo "2278"]
[EventDate "2001.07.13"]

1. d4 d5 2. c4 c6 3. Nf3 Nf6 4. Qc2 dxc4 5. Qxc4 Bf5 6. g3 e6 7. Bg2 Be7 8.
O-O O-O 9. Nc3 Nbd7 10. e3 Qb6 11. Nh4 Bg6 12. Nxg6 hxg6 13. b3 Rac8 14.
Bb2 Rfd8 15. Rfd1 e5 16. Ne2 exd4 17. Rxd4 Nf8 18. Bh3 Ra8 19. Nf4 Bc5 20.
Rdd1 Rd6 21. Rdc1 Bxe3 22. fxe3 Qxe3+ 23. Kh1 g5 24. Re1 Qf3+ 25. Bg2 Qg4
26. Bxf6 Rxf6 27. Nd5 1-0

[Event "SWYM"]
[Site "Witley ENG"]
[Date "2001.07.18"]
[Round "6"]
[White "Antal,Ge"]
[Black "Bromann,T"]
[Result "1-0"]
[WhiteElo "2398"]
[BlackElo "2321"]
[EventDate "2001.07.13"]

1. d4 d5 2. c4 c6 3. Nf3 e6 4. Nc3 f5 5. Bf4 Nf6 6. e3 Be7 7. Bd3 O-O 8.
Qc2 Ne4 9. h4 Qa5 10. Ne5 Bb4 11. Bxe4 fxe4 12. O-O Nd7 13. f3 exf3 14.
Rxf3 Nf6 15. Bg5 Be7 16. Raf1 Qd8 17. h5 Nd7 18. Rxf8+ Nxf8 19. Qf2 Qe8 20.
Bxe7 Qxe7 21. Qg3 h6 22. Rf7 Qg5 23. Qf3 Nh7 24. Rd7 Nf8 25. Qf7+ Kh7 26.
Re7 Qxe3+ 27. Kf1 Qc1+ 28. Kf2 Qxb2+ 29. Ne2 1-0

[Event "SWYM"]
[Site "Witley ENG"]
[Date "2001.07.18"]
[Round "6"]
[White "Palliser,R"]
[Black "Erwich,M"]
[Result "1/2-1/2"]
[WhiteElo "2337"]
[BlackElo "2263"]
[EventDate "2001.07.13"]

1. d4 Nf6 2. c4 b6 3. Nc3 Bb7 4. Qc2 d5 5. Nf3 e6 6. cxd5 exd5 7. Bg5 Be7
8. e3 O-O 9. Bd3 Nbd7 10. O-O h6 11. Bf4 a6 12. Rfd1 Re8 13. Rab1 c5 14.
Bf5 c4 15. Ne5 b5 16. a3 Bf8 17. Qe2 Nxe5 18. dxe5 Nd7 19. Qh5 Nc5 20. Rd4
Qb6 21. Nxd5 Bxd5 22. Rxd5 Rad8 23. Rbd1 g6 24. Qg4 h5 25. Qg3 Rxd5 26.
Rxd5 Rd8 27. Rxd8 Qxd8 28. h3 Bg7 29. e4 Nd3 30. Bg5 Bxe5 31. Bxd8 Bxg3 32.
Bc8 Bxf2+ 33. Kf1 Bc5 34. Bxa6 Nxb2 35. Bxb5 Bxa3 36. Bf6 Nd1 37. Ke2 Nb2
38. Bxb2 Bxb2 39. Bxc4 1/2-1/2

[Event "SWYM"]
[Site "Witley ENG"]
[Date "2001.07.18"]
[Round "6"]
[White "Thiruchelvam,M"]
[Black "Hinks Edwards,T"]
[Result "1/2-1/2"]
[WhiteElo "2240"]
[BlackElo "2316"]
[EventDate "2001.07.13"]

1. e4 c6 2. d4 d5 3. e5 Bf5 4. Nf3 e6 5. Be2 Nd7 6. O-O Ne7 7. Nbd2 c5 8.
dxc5 Nc6 9. c4 Nxc5 10. Nb3 dxc4 11. Bxc4 Qxd1 12. Rxd1 Bc2 13. Re1 Nxb3
14. Bxb3 Bxb3 15. axb3 Nb4 16. Re4 Nd5 17. Bd2 Be7 18. Rg4 g6 19. Rga4 a6
20. Bg5 Rc8 21. Rc4 Kd7 22. Rac1 Nb6 23. Rd1+ Nd5 24. Rdc1 Rcd8 25. Bxe7
Kxe7 26. Ng5 Rd7 27. g3 h6 28. Ne4 Rhd8 29. Rc8 f6 30. Rxd8 Rxd8 31. exf6+
Nxf6 32. Rc7+ Rd7 33. Rxd7+ Nxd7 34. f4 e5 35. fxe5 Ke6 36. Kf2 Kxe5 37.
Ke3 Kd5 38. h4 Nc5 39. Nc3+ Ke5 40. b4 Ne6 41. Ne4 b6 42. Nf2 Kd5 43. Ng4
h5 44. Nf6+ Ke5 45. Nd7+ Kf5 46. Nxb6 Kg4 47. Kf2 g5 48. hxg5 Nxg5 49. Nd5
Ne4+ 50. Ke3 Nxg3 51. Nf6+ Kf5 52. Nxh5 Nxh5 53. Kd4 Nf4 54. Kc5 1/2-1/2

[Event "SWYM"]
[Site "Witley ENG"]
[Date "2001.07.18"]
[Round "6"]
[White "Trent,L"]
[Black "Addison,B"]
[Result "0-1"]
[WhiteElo "2249"]
[BlackElo "2218"]
[EventDate "2001.07.13"]

1. e4 e5 2. Nf3 Nc6 3. Bb5 a6 4. Ba4 Nf6 5. O-O b5 6. Bb3 Bc5 7. c3 d6 8.
d4 Bb6 9. h3 O-O 10. Be3 Bb7 11. Nbd2 h6 12. dxe5 dxe5 13. Bxb6 cxb6 14.
Qe2 Qc7 15. Rfd1 Na5 16. Bc2 Nc4 17. Nxc4 bxc4 18. Nd2 b5 19. Nf1 Rfd8 20.
Ng3 g6 21. Qe3 Kg7 22. Rf1 Nd7 23. Ne2 Qc5 24. Qf3 Nf8 25. Rad1 Ne6 26. h4
Qe7 27. Qg3 Nc5 28. f3 h5 29. Qf2 Bc6 30. g3 a5 31. Qe3 b4 32. Kg2 b3 33.
Bb1 Na4 34. Qc1 bxa2 35. Bxa2 Qc5 36. Rd2 Qb5 37. Rfd1 Rxd2 38. Qxd2 Rb8
39. Rb1 Nc5 40. Kg1 Nd3 41. Nc1 Qc5+ 42. Kh2 Rd8 43. Qe2 Ba4 44. Nxd3 Rxd3
45. Rf1 Qd6 46. Rf2 Bd1 47. Qf1 Bb3 48. Bxb3 cxb3 49. Qc1 a4 50. Kg2 Rd1
51. Qe3 Rb1 52. Rd2 Qa6 53. Qf2 Rc1 54. f4 Qc4 55. Re2 Qxe2 0-1

[Event "SWYM"]
[Site "Witley ENG"]
[Date "2001.07.18"]
[Round "6"]
[White "Bick,J"]
[Black "Broomfield,M"]
[Result "1/2-1/2"]
[WhiteElo "2286"]
[BlackElo "2271"]
[EventDate "2001.07.13"]

1. e4 e5 2. Nf3 Nc6 3. Bb5 a6 4. Bxc6 dxc6 5. d4 exd4 6. Qxd4 Qxd4 7. Nxd4
Bd6 8. Be3 Ne7 9. Nd2 c5 10. N4b3 b6 11. Nc4 Be6 12. Nxd6+ cxd6 13. O-O
O-O-O 14. Rad1 d5 15. exd5 1/2-1/2

[Event "SWYM"]
[Site "Witley ENG"]
[Date "2001.07.19"]
[Round "7"]
[White "Sinkevich,P"]
[Black "Antal,Ge"]
[Result "0-1"]
[WhiteElo "2346"]
[BlackElo "2398"]
[EventDate "2001.07.13"]

1. e4 c5 2. Nf3 e6 3. d4 cxd4 4. Nxd4 Nf6 5. Nc3 d6 6. Be2 Be7 7. O-O O-O
8. Be3 a6 9. f4 Nc6 10. a4 Qc7 11. Kh1 Re8 12. Bg1 Bf8 13. Qd3 g6 14. Rad1
Bd7 15. Qg3 Bg7 16. Qh4 d5 17. Nf3 dxe4 18. Ng5 h6 19. Ngxe4 Nd5 20. Rd2
Kh8 21. Bc5 Nce7 22. Qf2 Nf5 23. g4 Bc6 24. Kg1 b6 25. Nxd5 exd5 26. Bxb6
Qe7 27. gxf5 dxe4 28. Qe3 gxf5 29. b3 Rg8 30. Kh1 Qb4 31. h3 Qxd2 0-1

[Event "SWYM"]
[Site "Witley ENG"]
[Date "2001.07.19"]
[Round "7"]
[White "Vigus,J"]
[Black "Gladyszev,O"]
[Result "0-1"]
[WhiteElo "2281"]
[BlackElo "2352"]
[EventDate "2001.07.13"]

1. Nf3 Nf6 2. c4 g6 3. Nc3 Bg7 4. g3 O-O 5. Bg2 d6 6. d4 Nbd7 7. O-O e5 8.
e4 c6 9. b3 exd4 10. Nxd4 Re8 11. h3 a6 12. Bb2 Rb8 13. Qc2 c5 14. Nde2 b5
15. cxb5 axb5 16. Nf4 Ne5 17. Ncd5 Nc6 18. Nxf6+ Bxf6 19. Nd5 Bxb2 20. Qxb2
Nd4 21. b4 Bb7 22. Nc3 Qf6 23. Rab1 Ba8 24. f4 cxb4 25. Qxb4 Nc2 26. Qb3
Ne3 27. e5 dxe5 28. fxe5 Qe6 29. Qxe6 fxe6 30. Bxa8 Nxf1 31. Ne4 Nd2 32.
Nf6+ Kf7 33. Rd1 Red8 34. Bg2 Kg7 35. Rc1 Nc4 36. Ne4 0-1

[Event "SWYM"]
[Site "Witley ENG"]
[Date "2001.07.19"]
[Round "7"]
[White "Skytte,R"]
[Black "Palliser,R"]
[Result "0-1"]
[WhiteElo "2342"]
[BlackElo "2337"]
[EventDate "2001.07.13"]

1. b3 e5 2. Bb2 Nc6 3. e3 Nf6 4. Bb5 Bd6 5. a3 O-O 6. Be2 Ne7 7. Nf3 Ng6 8.
d3 c6 9. h4 Re8 10. h5 Nf8 11. h6 g6 12. c4 Bc7 13. e4 d5 14. Nbd2 d4 15.
g3 Ne6 16. Qc2 Qe7 17. Bf1 Qf8 18. Bg2 a5 19. Ke2 Ng4 20. Rh4 Nc5 21. b4
axb4 22. axb4 Rxa1 23. Bxa1 Na6 24. Bh3 Nxb4 25. Qb3 Nf6 26. Bxc8 Rxc8 27.
Bb2 Nd7 28. c5 Qxc5 29. Ba3 Bd6 30. Nc4 Be7 31. Rh1 b5 32. Ncxe5 Nxe5 33.
Bxb4 Qxb4 34. Qxb4 Bxb4 35. Nxe5 f6 36. Ng4 f5 37. Nf6+ Kf7 38. Nxh7 Be7
39. f4 fxe4 40. dxe4 c5 41. Ra1 Kg8 42. Ra7 Kxh7 43. Rxe7+ Kxh6 44. g4 Ra8
45. Re5 Ra2+ 46. Kd1 Rf2 47. f5 gxf5 48. gxf5 b4 49. Rxc5 b3 50. Kc1 b2+
51. Kb1 d3 52. Rc6+ Kh5 53. Rc3 d2 54. Rh3+ Kg5 55. Rh1 Re2 0-1

[Event "SWYM"]
[Site "Witley ENG"]
[Date "2001.07.19"]
[Round "7"]
[White "Ippolito,D"]
[Black "Middelburg,T"]
[Result "1-0"]
[WhiteElo "2394"]
[BlackElo "2373"]
[EventDate "2001.07.13"]

1. d4 d5 2. c4 c6 3. Nf3 Nf6 4. Qb3 e6 5. g3 Nbd7 6. Bg2 Bd6 7. O-O O-O 8.
Nc3 Qe7 9. Rd1 b6 10. Nd2 Bc7 11. e4 dxe4 12. Ndxe4 Bb7 13. Bg5 h6 14.
Nxf6+ Nxf6 15. Bxf6 gxf6 16. d5 cxd5 17. cxd5 Be5 18. Qa4 Bxc3 19. d6 Qd8
20. bxc3 Bxg2 21. Kxg2 Qc8 22. Rd3 Qb7+ 23. Kg1 Rac8 24. d7 Rcd8 25. Rad1
Kh7 26. Qd4 Kg6 27. Qg4+ Kh7 28. Qd4 Kg6 29. Qd6 Rg8 30. Rd4 f5 31. R1d3
Qa6 32. a4 Qa5 33. Rb4 Kf6 34. Qf4 Kg7 35. Qd4+ Kg6 36. Qd6 h5 37. h4 Kf6
38. Qf4 Qc5 39. Qh6+ Rg6 40. Qxh5 Ke7 41. Qd1 e5 42. Rb5 Qc7 43. Rbd5 e4
44. Qe1 Kf8 45. R3d4 f4 46. Rxe4 fxg3 47. Re8+ Kg7 48. Qe5+ Qxe5 49. Rexe5
gxf2+ 50. Kxf2 Kf8 51. Re4 Rc6 52. c4 Rf6+ 53. Kg3 Rf1 54. h5 Rf6 55. Kg4
Rc6 56. Kg5 Rc7 57. Red4 Rc6 58. h6 Re6 59. Rh4 Kg8 60. h7+ Kh8 61. Rh6 Re7
62. Rhd6 f6+ 63. Kxf6 Rxh7 64. Ke6 Kg8 65. Rc6 Kf8 66. Rf5+ Kg8 67. Rc7 a6
68. Kd6 Rg7 69. Re5 Rg6+ 70. Re6 Rg2 71. Re8+ 1-0